[Event "KUP CENTRALNE SRBIJE"]
[Site "Kragujevac"]
[Date "2016.04.21"]
[Round "3.1"]
[White "Irizanin, Radoje"]
[Black "Tosic, Miroslav"]
[Result "1/2-1/2"]
[WhiteElo "2280"]
[BlackElo "2418"]
[PlyCount "97"]
[EventDate "2016.04.20"]

1. d4 Nf6 2. Bg5 d5 3. Bxf6 exf6 4. e3 Bd6 5. c4 dxc4 6. Bxc4 O-O 7. Nc3 a6 8.
a4 f5 9. Nf3 Nd7 10. O-O Nf6 11. Qc2 Qe7 12. Bd3 g6 13. Rfe1 c6 14. g3 Bd7 15.
a5 Rad8 16. Nd2 Bc8 17. Bf1 Rfe8 18. Bg2 Bc7 19. Nb3 h5 20. Nc5 f4 21. gxf4
Bxf4 22. N5e4 Bb8 23. f3 Nxe4 24. fxe4 c5 25. Nd5 Rxd5 26. exd5 Qh4 27. d6 Bxd6
28. Bd5 Bf5 29. Qf2 Qg5+ 30. Qg2 Bg4 31. e4 cxd4 32. Rf1 Re7 33. Rxf7 Rxf7 34.
Rf1 Bf4 35. Bxf7+ Kg7 36. Bc4 Qe5 37. Kh1 Bd7 38. Qf3 g5 39. Bd5 Kh6 40. Qa3
Kg7 41. Qf3 Bb5 42. Rf2 d3 43. h4 d2 44. hxg5 Be8 45. Bb3 Bxg5 46. Qf8+ Kg6 47.
Qg8+ Kh6 48. Qf8+ Kg6 49. Qg8+ 1/2-1/2

[Event "KUP CENTRALNE SRBIJE"]
[Site "Kragujevac"]
[Date "2016.04.21"]
[Round "3.1"]
[White "Milovanovic, Srboljub"]
[Black "Mirkovic, Stevan"]
[Result "1/2-1/2"]
[WhiteElo "2143"]
[BlackElo "2333"]
[PlyCount "95"]
[EventDate "2016.04.20"]

1. d4 d5 2. Nf3 Nf6 3. c4 dxc4 4. Nc3 a6 5. a4 Nc6 6. Bf4 Bf5 7. e3 Nb4 8. Rc1
Bd3 9. Ne5 Bxf1 10. Kxf1 e6 11. Nxc4 Be7 12. h4 O-O 13. h5 Nbd5 14. Be5 Nxc3
15. bxc3 Qd5 16. Nd2 c5 17. Rb1 cxd4 18. cxd4 Rfc8 19. h6 g6 20. Qf3 Nd7 21.
Qxd5 exd5 22. Ke2 b6 23. Kd3 Rc6 24. Rhc1 Rac8 25. Rxc6 Rxc6 26. Bg3 f5 27. Rb3
Kf7 28. Rc3 Rxc3+ 29. Kxc3 g5 30. Bc7 Ke6 31. Nb3 Bf8 32. Bd8 Bxh6 33. Nc1 f4
34. exf4 gxf4 35. f3 Bf8 36. Bc7 Bg7 37. Kd3 Kf6 38. Ne2 Bh6 39. Kc3 Bg5 40.
Kd3 Bh6 41. Kc3 Bg5 42. Kd3 h5 43. Kc3 Bh6 44. Kd3 Bg5 45. Nc3 Ke6 46. Ne2 Kf5
47. Nc3 Ke6 48. Ne2 1/2-1/2

[Event "KUP CENTRALNE SRBIJE"]
[Site "Kragujevac"]
[Date "2016.04.21"]
[Round "3.1"]
[White "Gavrilovic, Leonardo"]
[Black "Batanjac, Aleksandar"]
[Result "1-0"]
[WhiteElo "2191"]
[BlackElo "2163"]
[PlyCount "88"]
[EventDate "2016.04.20"]

1. Nf3 f5 2. c4 Nf6 3. g3 e6 4. Bg2 Be7 5. O-O O-O 6. Nc3 c6 7. d4 d5 8. Bf4
Ne4 9. Nxe4 dxe4 10. Ne5 Nd7 11. f3 exf3 12. exf3 Bf6 13. Nxd7 Qxd7 14. Be5
Bxe5 15. dxe5 Rd8 16. Qxd7 Bxd7 17. f4 Kf7 18. Rad1 Ke7 19. Rd6 a5 20. b3 h6
21. Rfd1 Be8 22. c5 Rxd6 23. cxd6+ Kd7 24. Rc1 Kc8 25. Bf1 Bf7 26. Be2 Be8 27.
g4 fxg4 28. Bxg4 Bd7 29. Rc3 b5 30. Rg3 Kb7 31. Bh5 g5 32. fxg5 hxg5 33. Rxg5
Rh8 34. Bg4 Kb6 35. Rg7 Rd8 36. Re7 c5 37. Bxe6 Bc6 38. Rg7 b4 39. Rg8 Rxg8+
40. Bxg8 a4 41. h4 Bb5 42. bxa4 Bxa4 43. h5 Bb5 44. h6 c4 1-0

[Event "KUP CENTRALNE SRBIJE"]
[Site "Kragujevac"]
[Date "2016.04.21"]
[Round "3.1"]
[White "Minic, Ivan"]
[Black "Radosavljevic, Slobodan S"]
[Result "0-1"]
[WhiteElo "2134"]
[BlackElo "2156"]
[PlyCount "130"]
[EventDate "2016.04.20"]

1. d4 Nf6 2. Nf3 e6 3. g3 b6 4. Bg2 Bb7 5. O-O Be7 6. c4 O-O 7. Nc3 d5 8. Ne5
a6 9. a3 Nbd7 10. cxd5 exd5 11. b4 Nxe5 12. dxe5 Ne4 13. Nxe4 dxe4 14. Qc2 f5
15. exf6 Bxf6 16. Rb1 Qe7 17. Bf4 Rf7 18. Rbd1 Qe6 19. Rd2 Re8 20. Rfd1 h6 21.
Qa2 Qxa2 22. Rxa2 g5 23. Be3 Kg7 24. Bd4 Bxd4 25. Rxd4 Kf6 26. e3 c5 27. bxc5
bxc5 28. Rd1 Rc7 29. Rc2 g4 30. Bf1 Ke5 31. Be2 h5 32. h3 Bc8 33. Rdc1 Kd6 34.
hxg4 hxg4 35. Kg2 Rh8 36. Rd1+ Kc6 37. Bc4 Rh5 38. Rcd2 Kb6 39. Rb1+ Kc6 40.
Rbd1 Kb6 41. Rd6+ Rc6 42. Rd8 Be6 43. Be2 c4 44. R8d6 c3 45. Rxe6 Rxe6 46. Bxg4
Rhe5 47. Bxe6 Rxe6 48. Rc1 Rc6 49. g4 Kb5 50. Kg3 Kc4 51. Kf4 Kd3 52. g5 c2 53.
Kf5 a5 54. g6 a4 55. g7 Rc8 56. Rg1 Kd2 57. Kxe4 c1=Q 58. Rxc1 Kxc1 59. Ke5 Kb2
60. f4 Kxa3 61. f5 Kb3 62. f6 a3 63. f7 a2 64. g8=Q a1=Q+ 65. Ke4 Qa8+ 0-1

[Event "KUP CENTRALNE SRBIJE"]
[Site "Kragujevac"]
[Date "2016.04.21"]
[Round "3.2"]
[White "Mrsevic, Miroslav"]
[Black "Maksimovic, Branimir"]
[Result "0-1"]
[WhiteElo "2221"]
[BlackElo "2330"]
[PlyCount "134"]
[EventDate "2016.04.20"]

1. e4 e6 2. d3 d5 3. Nd2 Nf6 4. Ngf3 Nc6 5. c3 Bd6 6. Be2 O-O 7. O-O a5 8. a4
b6 9. Re1 Bb7 10. Qc2 h6 11. Bf1 e5 12. exd5 Nxd5 13. Nc4 Qf6 14. Nxd6 cxd6 15.
Qb3 Nce7 16. d4 Ng6 17. c4 Nb4 18. d5 Bc8 19. Be3 Qd8 20. Bd2 Na6 21. Qc2 Nc5
22. b4 axb4 23. Bxb4 Qc7 24. Ra3 Bd7 25. Rea1 Nb7 26. Nd2 Ne7 27. Qc3 Nf5 28.
Nb3 Nc5 29. Bxc5 bxc5 30. a5 Ra6 31. Qd2 Rb8 32. Bd3 Nd4 33. Nxd4 exd4 34. Re1
Qd8 35. Qf4 Qg5 36. Qe4 g6 37. f4 Qh4 38. Qe7 Qxe7 39. Rxe7 Rd8 40. Kf2 Kf8 41.
Re1 Rda8 42. Rea1 Rb8 43. Rb1 Rxb1 44. Bxb1 Ke7 45. h3 Ra8 46. Kf3 Bc8 47. Bd3
Rb8 48. a6 Ra8 49. a7 Kd8 50. f5 gxf5 51. Kf4 Kc7 52. Bxf5 Bxf5 53. Kxf5 Kb7
54. Rb3+ Kxa7 55. Kf6 Re8 56. Kxf7 Re3 57. Rb1 Ka6 58. g4 d3 59. h4 Re4 60. g5
hxg5 61. hxg5 Rxc4 62. g6 Rg4 63. g7 c4 64. g8=Q Rxg8 65. Kxg8 d2 66. Kf7 c3
67. Rd1 Kb5 0-1

[Event "KUP CENTRALNE SRBIJE"]
[Site "Kragujevac"]
[Date "2016.04.21"]
[Round "3.2"]
[White "Panic, Nenad"]
[Black "Kahrovic, Mersid"]
[Result "1-0"]
[WhiteElo "2352"]
[BlackElo "2301"]
[PlyCount "65"]
[EventDate "2016.04.20"]

1. Nf3 Nf6 2. d4 d5 3. Bf4 c6 4. e3 Bf5 5. Nbd2 e6 6. Ne5 Nbd7 7. g4 Nxe5 8.
gxf5 Ned7 9. fxe6 fxe6 10. Qf3 Qe7 11. O-O-O e5 12. dxe5 Nxe5 13. Qh3 g6 14.
Be2 Bg7 15. Qg3 Nfd7 16. h4 O-O-O 17. h5 Bf6 18. hxg6 Nxg6 19. Bd6 Qg7 20. c3
Qf7 21. Bg4 Qg7 22. Rh5 Rde8 23. Nf3 Be7 24. Bb8 Bd8 25. Nd4 Ngf8 26. Nf5 Qxg4
27. Qxg4 Kxb8 28. Rh6 Bc7 29. Qg7 Be5 30. Qf7 Rd8 31. f4 Bc7 32. Qg7 Ng6 33.
Rxh7 1-0

[Event "KUP CENTRALNE SRBIJE"]
[Site "Kragujevac"]
[Date "2016.04.21"]
[Round "3.2"]
[White "Musovic, Sabrija"]
[Black "Ilic, Dragan M"]
[Result "1/2-1/2"]
[WhiteElo "2011"]
[BlackElo "2333"]
[PlyCount "72"]
[EventDate "2016.04.20"]

1. e4 e6 2. d4 d5 3. Nd2 Nc6 4. Ngf3 Nf6 5. e5 Nd7 6. Bb5 a5 7. c4 Na7 8. Bxd7+
Qxd7 9. O-O dxc4 10. Nxc4 b6 11. Be3 Bb7 12. Rc1 Be7 13. Qc2 Nc6 14. a3 Bd8 15.
Qe4 Rb8 16. Qg4 Ne7 17. Nh4 Ng6 18. Nxg6 fxg6 19. Rc3 O-O 20. Rfc1 Rf5 21. b3
g5 22. Nd2 Qf7 23. f3 Bd5 24. Ne4 h5 25. Qg3 Qg6 26. h4 g4 27. Bg5 Bxg5 28.
Nxg5 gxf3 29. gxf3 Rbf8 30. Kh2 c6 31. b4 axb4 32. axb4 b5 33. Ra3 Rf4 34. Qf2
Qf5 35. Rcc3 Rg4 36. Nh3 Qg6 1/2-1/2

[Event "KUP CENTRALNE SRBIJE"]
[Site "Kragujevac"]
[Date "2016.04.21"]
[Round "3.2"]
[White "Zivkovic, Vladislav"]
[Black "Brajovic, Miroljub"]
[Result "1/2-1/2"]
[WhiteElo "2168"]
[BlackElo "2087"]
[PlyCount "33"]
[EventDate "2016.04.20"]

1. c4 Nf6 2. g3 g6 3. Bg2 Bg7 4. Nc3 d6 5. Nf3 O-O 6. O-O Nbd7 7. d4 c6 8. h3
Re8 9. e4 e5 10. Be3 Qc7 11. Qd2 exd4 12. Nxd4 Nc5 13. Qc2 a5 14. Rad1 Ne6 15.
Rfe1 Nxd4 16. Bxd4 Be6 17. b3 1/2-1/2

[Event "KUP CENTRALNE SRBIJE"]
[Site "Kragujevac"]
[Date "2016.04.21"]
[Round "3.3"]
[White "Avramovic, Zoran"]
[Black "Zajic, Milan"]
[Result "0-1"]
[WhiteElo "2340"]
[BlackElo "2491"]
[PlyCount "104"]
[EventDate "2016.04.20"]

1. d4 Nf6 2. e3 g6 3. Bd3 Bg7 4. f4 O-O 5. Nf3 d6 6. O-O c5 7. c3 Nc6 8. dxc5
dxc5 9. h3 Qc7 10. Qc2 e5 11. Ng5 Ne7 12. Na3 exf4 13. exf4 Bf5 14. Nc4 Rad8
15. Bxf5 Nxf5 16. Ne3 Nxe3 17. Bxe3 Rfe8 18. Rae1 h6 19. Nf3 Nd5 20. Qf2 Nxe3
21. Rxe3 Qxf4 22. Rxe8+ Rxe8 23. Qxc5 Re2 24. Rf2 Qc1+ 25. Kh2 Rxb2 26. Rxb2
Qxb2 27. Qxa7 Bxc3 28. a4 Qb4 29. Qb8+ Kg7 30. Qc7 Bf6 31. Qd7 Be7 32. Qd1 Qd6+
33. Qxd6 Bxd6+ 34. Kg1 Kf6 35. Kf2 Ke6 36. Ke3 Kd5 37. Kd3 Be5 38. Nd2 Kc5 39.
Nc4 f6 40. Na5 Bc7 41. Nb3+ Kb4 42. Nd4 Kxa4 43. Kc4 Bg3 44. Nb5 Ka5 45. Kc5 h5
46. Kc4 Kb6 47. Nd4 Be5 48. Nb3 h4 49. Kd5 Kb5 50. Nc5 b6 51. Nd3 g5 52. Nf2
Kb4 0-1

[Event "KUP CENTRALNE SRBIJE"]
[Site "Kragujevac"]
[Date "2016.04.21"]
[Round "3.3"]
[White "Djordjevic, Vuk"]
[Black "Ugrenovic, Bozidar"]
[Result "1/2-1/2"]
[WhiteElo "2410"]
[BlackElo "2192"]
[PlyCount "62"]
[EventDate "2016.04.20"]

1. e4 e5 2. Nf3 Nf6 3. Nxe5 Qe7 4. Nf3 Nxe4 5. Be2 d5 6. O-O Qd8 7. d4 Be7 8.
c4 c6 9. Nc3 Nxc3 10. bxc3 O-O 11. Bf4 Be6 12. cxd5 cxd5 13. Rb1 b6 14. Ne5 Qc8
15. Rc1 Ba3 16. Rc2 Bf5 17. Bd3 f6 18. Nf3 Nc6 19. Re2 Bxd3 20. Qxd3 Na5 21.
Rfe1 Qd7 22. Nh4 Rfe8 23. Nf5 Rxe2 24. Rxe2 Re8 25. Ne3 Bf8 26. h4 b5 27. g4
Nc4 28. Nf5 Re6 29. Qf3 Rxe2 30. Qxe2 g6 31. Ng3 Kf7 1/2-1/2

[Event "KUP CENTRALNE SRBIJE"]
[Site "Kragujevac"]
[Date "2016.04.21"]
[Round "3.3"]
[White "Trpkovic, Miroljub"]
[Black "Dezelin, Milan"]
[Result "1/2-1/2"]
[WhiteElo "1923"]
[BlackElo "2262"]
[PlyCount "114"]
[EventDate "2016.04.20"]

1. e4 c5 2. Nf3 Nc6 3. d4 cxd4 4. Nxd4 Nf6 5. Nxc6 bxc6 6. Bd3 g6 7. O-O d6 8.
Nc3 Bg7 9. h3 O-O 10. Qe2 Rb8 11. Rb1 Qc7 12. Re1 e5 13. Bd2 Be6 14. Bc4 d5 15.
exd5 cxd5 16. Bb3 Rfe8 17. Qxe5 Qxe5 18. Rxe5 Ne4 19. Bf4 Nxc3 20. bxc3 Bxe5
21. Bxe5 Rb5 22. Rd1 Rc8 23. Bd4 a5 24. a4 Rb7 25. Kf1 h5 26. f3 Kf8 27. Kf2
Ke7 28. Re1 Kd6 29. Be5+ Kc6 30. Bd4 Rcb8 31. Re2 Rxb3 32. cxb3 Rxb3 33. Ra2
Bf5 34. Ke3 Bb1 35. Ra1 Rb2 36. g3 Kd6 37. h4 Ke6 38. Kf4 Rb3 39. g4 f6 40. Ke3
Rb2 41. Kf4 Rb7 42. Ke3 hxg4 43. fxg4 Be4 44. Rf1 f5 45. gxf5+ Bxf5 46. Kf4 Rb2
47. Re1+ Be4 48. c4 Rh2 49. cxd5+ Kxd5 50. Bb6 Rxh4+ 51. Kg3 Rh7 52. Bxa5 Ra7
53. Rd1+ Kc5 54. Rc1+ Kd5 55. Rd1+ Kc4 56. Bb6 Rxa4 57. Rd4+ Kb3 1/2-1/2

[Event "KUP CENTRALNE SRBIJE"]
[Site "Kragujevac"]
[Date "2016.04.21"]
[Round "3.3"]
[White "Mladenovic, Stefan"]
[Black "Zivkovic, Vladisa"]
[Result "1-0"]
[WhiteElo "2329"]
[BlackElo "1744"]
[PlyCount "59"]
[EventDate "2016.04.20"]

1. d4 Nf6 2. Nf3 e6 3. e3 c5 4. Bd3 Nc6 5. O-O cxd4 6. exd4 h6 7. c3 a6 8. Nbd2
Bd6 9. Qe2 Qc7 10. Ne4 Bf4 11. Nxf6+ gxf6 12. Re1 Bxc1 13. Raxc1 d5 14. c4 Kf8
15. cxd5 exd5 16. Nh4 Be6 17. Qf3 Qe7 18. Qf4 Rd8 19. Bf5 Rd6 20. Re3 Ke8 21.
Bxe6 Rxe6 22. Nf5 Qd8 23. Ng7+ Ke7 24. Nxe6 fxe6 25. Rce1 e5 26. dxe5 f5 27. e6
Qd6 28. Qxf5 Rf8 29. Qh7+ Ke8 30. e7 1-0

[Event "KUP CENTRALNE SRBIJE"]
[Site "Kragujevac"]
[Date "2016.04.21"]
[Round "3.4"]
[White "Marjanovic, Milan"]
[Black "Blagojevic, Nebojsa"]
[Result "1-0"]
[WhiteElo "2015"]
[BlackElo "2224"]
[PlyCount "66"]
[EventDate "2016.04.20"]

1. d4 c6 2. c4 d5 3. e3 Nf6 4. Nc3 g6 5. Nf3 Bg7 6. Be2 O-O 7. O-O Bg4 8. h3
Bxf3 9. Bxf3 e6 10. b3 Ne8 11. Bb2 Nd6 12. Be2 f5 13. f3 Nd7 14. Ba3 Nf6 15.
Bd3 Rf7 16. Rc1 Qd7 17. Rc2 Nh5 18. Ne2 Re8 19. Bxd6 Qxd6 20. f4 h6 21. g4 Nf6
22. Ng3 a6 23. Rg2 b5 24. Kh1 Qb4 25. c5 a5 26. Rfg1 Ree7 27. gxf5 gxf5 28. Qb1
a4 29. Nf1 axb3 30. axb3 Qc3 31. Ra2 Ra7 32. Rgg2 b4 33. Ba6 Ne4 1-0

[Event "KUP CENTRALNE SRBIJE"]
[Site "Kragujevac"]
[Date "2016.04.21"]
[Round "3.4"]
[White "Mitrovic, Marjan"]
[Black "Bjelanovic, Mile"]
[Result "1/2-1/2"]
[WhiteElo "2143"]
[BlackElo "1895"]
[PlyCount "92"]
[EventDate "2016.04.20"]

1. Nf3 Nf6 2. g3 d5 3. Bg2 e6 4. O-O Bd6 5. d4 O-O 6. c4 c6 7. Nbd2 Nbd7 8. Qc2
e5 9. dxe5 Nxe5 10. Nxe5 Bxe5 11. Nf3 Bd6 12. Rd1 Qe7 13. cxd5 Nxd5 14. a3 Re8
15. Re1 Bg4 16. b3 Bxf3 17. Bxf3 Be5 18. Bb2 Nc7 19. Red1 Rad8 20. Rxd8 Rxd8
21. Bxe5 Qxe5 22. Rd1 Rxd1+ 23. Qxd1 Qe7 24. a4 Ne6 25. h4 Qd8 26. Qxd8+ Nxd8
27. b4 Kf8 28. Kf1 Ke7 29. Ke1 Kd6 30. Kd2 b6 31. Kc3 Ne6 32. Be4 g6 33. e3 f5
34. Bf3 h6 35. e4 f4 36. Bg4 fxg3 37. fxg3 Nd8 38. Kd4 Nf7 39. Be2 Ne5 40. Bd1
g5 41. hxg5 hxg5 42. Be2 Ke6 43. Bd1 Kd6 44. Be2 c5+ 45. bxc5+ bxc5+ 46. Kc3 a5
1/2-1/2

[Event "KUP CENTRALNE SRBIJE"]
[Site "Kragujevac"]
[Date "2016.04.21"]
[Round "3.4"]
[White "Markovic, Predrag M"]
[Black "Djoric, Hadzi Goran"]
[Result "1/2-1/2"]
[WhiteElo "1808"]
[BlackElo "2126"]
[PlyCount "89"]
[EventDate "2016.04.20"]

1. e4 d6 2. d4 Nf6 3. Nc3 g6 4. f4 Bg7 5. Nf3 O-O 6. Bd3 c6 7. O-O Bg4 8. Be3
e5 9. dxe5 dxe5 10. f5 gxf5 11. exf5 e4 12. Nxe4 Nxe4 13. Bxe4 Qe7 14. Qd3 Rd8
15. f6 Bxf6 16. Bxh7+ Kg7 17. Bd4 Bxf3 18. Bxf6+ Qxf6 19. Qxf3 Qxf3 20. Rxf3
Kxh7 21. Rxf7+ Kg6 22. Rxb7 Rd7 23. Rxd7 Nxd7 24. Rd1 Ne5 25. Rd4 Re8 26. h3
Kg5 27. b4 Re7 28. a4 Rb7 29. c3 a5 30. Kf1 Ra7 31. b5 cxb5 32. Rd5 Kf4 33.
Rxb5 Ke4 34. Ke2 Nc4 35. h4 Rg7 36. Rg5 Rxg5 37. hxg5 Kf5 38. Kd3 Nb2+ 39. Kd4
Nxa4 40. Kc4 Nb2+ 41. Kb3 Nd3 42. Ka4 Nc5+ 43. Kxa5 Ne4 44. c4 Kxg5 45. Kb6
1/2-1/2

[Event "KUP CENTRALNE SRBIJE"]
[Site "Kragujevac"]
[Date "2016.04.21"]
[Round "3.4"]
[White "Knezevic, Milija"]
[Black "Ugljesic, Nemanja"]
[Result "1/2-1/2"]
[WhiteElo "1757"]
[BlackElo "1627"]
[PlyCount "29"]
[EventDate "2016.04.20"]

1. e4 c6 2. Bc4 d5 3. exd5 cxd5 4. Bb3 Nf6 5. h3 Nc6 6. d3 e5 7. Nf3 Bd6 8. Nc3
h6 9. a3 Be6 10. O-O O-O 11. Bd2 Re8 12. Nh2 Nd4 13. Ba2 Qd7 14. f4 exf4 15.
Bxf4 1/2-1/2

[Event "KUP CENTRALNE SRBIJE"]
[Site "Kragujevac"]
[Date "2016.04.21"]
[Round "3.5"]
[White "Dragasevic, Dragan"]
[Black "Ostojic, Nikola"]
[Result "0-1"]
[WhiteElo "2229"]
[BlackElo "2434"]
[PlyCount "82"]
[EventDate "2016.04.20"]

1. d4 Nf6 2. Nf3 g6 3. c4 Bg7 4. Nc3 O-O 5. g3 d6 6. Bg2 Nc6 7. d5 Na5 8. Qd3
c5 9. O-O a6 10. Re1 Rb8 11. Nd2 b5 12. e4 Ng4 13. cxb5 axb5 14. Nf3 b4 15. Nd1
Qb6 16. h3 Ba6 17. Qc2 Ne5 18. Nxe5 Bxe5 19. Bf1 Bxf1 20. Rxf1 b3 21. Qe2 bxa2
22. Rxa2 Nb3 23. Bg5 Qc7 24. Kg2 Rb4 25. Nc3 Bg7 26. Re1 Rfb8 27. Qd1 Nd4 28.
Qd2 Qb7 29. Nd1 f6 30. Be3 f5 31. f3 fxe4 32. fxe4 e6 33. Bf4 exd5 34. Bxd6
dxe4 35. Re3 Nb3 36. Qc2 Rc8 37. Ra3 Rb6 38. Raxb3 Rxb3 39. Rxb3 Qd5 40. Re3
Kf7 41. Nc3 Qd4 0-1

[Event "KUP CENTRALNE SRBIJE"]
[Site "Kragujevac"]
[Date "2016.04.21"]
[Round "3.5"]
[White "Nestorovic, Lazar"]
[Black "Gajic, Branko"]
[Result "0-1"]
[WhiteElo "2355"]
[BlackElo "2195"]
[PlyCount "98"]
[EventDate "2016.04.20"]

1. e4 c6 2. d4 d5 3. e5 Bf5 4. Be3 e6 5. Nd2 a6 6. Nb3 Nd7 7. h4 h6 8. Bd3 Bxd3
9. Qxd3 Rc8 10. O-O-O c5 11. dxc5 Bxc5 12. f4 Ne7 13. h5 Bxe3+ 14. Qxe3 Qc7 15.
Qd2 Nf5 16. Rh3 Nb6 17. Rc3 Nc4 18. Qe2 Qc6 19. g4 Ne7 20. f5 Qc7 21. Nf3 b5
22. Nbd4 b4 23. Rb3 Qb6 24. f6 gxf6 25. exf6 Ng8 26. g5 hxg5 27. Nxg5 Rh6 28.
Qg2 Rxf6 29. Ngxe6 Ne7 30. Ng5 Qb8 31. Kb1 Qe5 32. Rf3 Rxf3 33. Ngxf3 Qxh5 34.
Re1 Qg6 35. Qh3 Rc7 36. Qh8+ Kd7 37. Qh4 Kd8 38. Qf4 a5 39. Nb5 Rc5 40. Nfd4
Rc8 41. Qh2 Qg5 42. Ka1 Qd2 43. Qh4 Ne3 44. Qh8+ Kd7 45. Qh3+ N7f5 46. Rf1 Rxc2
47. Nxc2 Nxc2+ 48. Kb1 Nce3 49. Ka1 Qd3 0-1

[Event "KUP CENTRALNE SRBIJE"]
[Site "Kragujevac"]
[Date "2016.04.21"]
[Round "3.5"]
[White "Cabarkapa, Mijomir"]
[Black "Rajkovic, Mladen"]
[Result "0-1"]
[WhiteElo "2180"]
[BlackElo "2320"]
[PlyCount "48"]
[EventDate "2016.04.20"]

1. Nf3 c5 2. c4 Nc6 3. Nc3 e5 4. d3 d6 5. g3 h6 6. Bg2 g5 7. h4 g4 8. Nd2 Nge7
9. Nf1 Bg7 10. e4 h5 11. Be3 Be6 12. Nd5 Nd4 13. Bg5 Bxd5 14. cxd5 b5 15. Nh2
Bh6 16. Qd2 Bxg5 17. hxg5 Ng6 18. f3 h4 19. Nxg4 h3 20. O-O-O hxg2 21. Rxh8+
Nxh8 22. Nf6+ Ke7 23. Qxg2 Ng6 24. Rh1 Qc7 0-1

[Event "KUP CENTRALNE SRBIJE"]
[Site "Kragujevac"]
[Date "2016.04.21"]
[Round "3.5"]
[White "Nenadovic, Ljubisa"]
[Black "Jocovic, Slobodan"]
[Result "1-0"]
[WhiteElo "2076"]
[BlackElo "2087"]
[PlyCount "83"]
[EventDate "2016.04.20"]

1. d4 e6 2. c4 Nf6 3. Nf3 Bb4+ 4. Bd2 Be7 5. Nc3 d5 6. Bg5 h6 7. Bh4 O-O 8. e3
Ne4 9. Bxe7 Qxe7 10. Rc1 Nxc3 11. Rxc3 b6 12. c5 c6 13. Ne5 b5 14. Bd3 Bb7 15.
O-O Nd7 16. f4 Nxe5 17. fxe5 f6 18. exf6 Rxf6 19. Rxf6 Qxf6 20. Qf3 e5 21. Qxf6
gxf6 22. Bf5 a5 23. e4 exd4 24. Rg3+ Kf8 25. exd5 cxd5 26. Kf2 Bc8 27. Bh7 Bd7
28. Ke2 Kf7 29. Bg6+ Ke6 30. Rh3 Ke5 31. Rh5+ f5 32. g4 b4 33. Bxf5 Bxf5 34.
Rxf5+ Ke4 35. Rf6 d3+ 36. Kd2 Kd4 37. c6 Re8 38. Rf4+ Ke5 39. Rf3 Rc8 40. Re3+
Kd6 41. Rh3 Rh8 42. Rh5 1-0

[Event "KUP CENTRALNE SRBIJE"]
[Site "Kragujevac"]
[Date "2016.04.21"]
[Round "3.6"]
[White "Savic, Bratislav"]
[Black "Kostic, Ninoslav"]
[Result "0-1"]
[WhiteElo "1932"]
[BlackElo "2139"]
[PlyCount "88"]
[EventDate "2016.04.20"]

1. e4 e5 2. Nc3 c6 3. d3 Bb4 4. Bd2 Ne7 5. g3 d6 6. Bg2 O-O 7. Nge2 d5 8. a3
Ba5 9. b4 Bc7 10. exd5 cxd5 11. f4 Bg4 12. O-O Nbc6 13. h3 Bxe2 14. Nxe2 f6 15.
f5 Qd7 16. g4 a6 17. c3 Bb6+ 18. Kh1 Rac8 19. Rc1 Kh8 20. Qe1 Nd8 21. Qh4 Nf7
22. d4 Kg8 23. Qg3 Bc7 24. Qf2 e4 25. h4 h6 26. Bf4 Nd6 27. Bxd6 Qxd6 28. Bh3
Qc6 29. Qg2 Qc4 30. Rce1 Bb8 31. g5 hxg5 32. hxg5 Kf7 33. g6+ Ke8 34. Rd1 Rh8
35. Qg4 Kd7 36. Kg2 Rh6 37. Rh1 Rch8 38. Kf2 Rh4 39. Qg2 Qc7 40. Rdf1 b5 41.
Ke1 Qc4 42. Bg4 Qd3 43. Rxh4 Rxh4 44. Nf4 Qxc3+ 0-1

[Event "KUP CENTRALNE SRBIJE"]
[Site "Kragujevac"]
[Date "2016.04.21"]
[Round "3.6"]
[White "Rihterovic, Milan"]
[Black "Radosavljevic, Milan M"]
[Result "1-0"]
[WhiteElo "2247"]
[BlackElo "1819"]
[PlyCount "75"]
[EventDate "2016.04.20"]

1. c4 e6 2. Nf3 Nf6 3. b3 Be7 4. Bb2 b6 5. g3 Bb7 6. Bg2 d5 7. O-O c5 8. cxd5
exd5 9. d4 O-O 10. Nc3 Nbd7 11. Rc1 Rc8 12. Nh4 Ne4 13. Nxe4 dxe4 14. Nf5 Nf6
15. Ba3 Qd7 16. Nxe7+ Qxe7 17. dxc5 e3 18. c6 exf2+ 19. Kh1 Qxa3 20. cxb7 Rcd8
21. Qc2 Nd7 22. Rxf2 Qe7 23. Qc7 Qe3 24. Qf4 Qxf4 25. Rxf4 g5 26. Rd4 Nb8 27.
Rxd8 Rxd8 28. Rc8 Rf8 29. Bd5 Kg7 30. e4 h6 31. Kg2 h5 32. Kf3 Na6 33. Ke3 Nb8
34. Kd4 Na6 35. Ke5 f6+ 36. Kf5 Nb8 37. b4 Na6 38. b5 1-0

[Event "KUP CENTRALNE SRBIJE"]
[Site "Kragujevac"]
[Date "2016.04.21"]
[Round "3.6"]
[White "Stojanovic, Vladimir M"]
[Black "Markovic, Slavoljub"]
[Result "1-0"]
[WhiteElo "1859"]
[BlackElo "2197"]
[PlyCount "81"]
[EventDate "2016.04.20"]

1. d4 b6 2. Nf3 Bb7 3. g3 e6 4. Bg2 Nf6 5. Bg5 Be7 6. O-O O-O 7. c3 d6 8. a4 a5
9. Re1 Nbd7 10. Nbd2 h6 11. Bxf6 Bxf6 12. Qc2 g6 13. Rad1 Bg7 14. e4 e5 15.
dxe5 dxe5 16. Nf1 Qe8 17. Ne3 Nc5 18. Nd5 Bxd5 19. Rxd5 Qxa4 20. Qd1 Rfe8 21.
Nh4 Qc6 22. Bf1 a4 23. Bc4 Qf6 24. Qe2 Bf8 25. Red1 c6 26. R5d2 b5 27. Ba2 Kh7
28. Kg2 h5 29. Qf3 Qxf3+ 30. Kxf3 Bh6 31. Rd6 Rac8 32. Rf6 Bg7 33. Rxf7 Rf8 34.
Ke3 Rfd8 35. Rxd8 Rxd8 36. f3 Rd7 37. Rxd7 Nxd7 38. Bf7 Bh6+ 39. Kd3 Bg5 40.
Bxg6+ Kh6 41. Be8 1-0

[Event "KUP CENTRALNE SRBIJE"]
[Site "Kragujevac"]
[Date "2016.04.21"]
[Round "3.6"]
[White "Petrovic, Dejan"]
[Black "Gligorijevic, Pera"]
[Result "1-0"]
[WhiteElo "1941"]
[BlackElo "1568"]
[PlyCount "83"]
[EventDate "2016.04.20"]

1. d4 d5 2. c4 e6 3. Nf3 Nc6 4. Bf4 g6 5. e3 a6 6. Nc3 Bg7 7. Qb3 Nge7 8. Rc1
O-O 9. cxd5 exd5 10. Be2 b5 11. Bg5 Be6 12. O-O Qd7 13. Rfd1 Rfe8 14. a3 h6 15.
Bf4 Nf5 16. Qc2 Na5 17. Ne5 Bxe5 18. Bxe5 c6 19. e4 Ne7 20. Qd2 Kh7 21. Qf4 Ng8
22. b4 Nc4 23. Bxc4 bxc4 24. Na4 Qe7 25. Nc5 Bc8 26. a4 f5 27. exd5 cxd5 28.
Qf3 Qf7 29. Rxc4 Bd7 30. Rcc1 Rec8 31. Qd3 Bc6 32. b5 axb5 33. axb5 Bb7 34. h4
Ra5 35. Nb3 Ra4 36. Rxc8 Bxc8 37. Nc5 Rc4 38. Ra1 Nf6 39. f3 f4 40. Ra8 Bf5 41.
Qa3 Nd7 42. Rh8# 1-0

[Event "KUP CENTRALNE SRBIJE"]
[Site "Kragujevac"]
[Date "2016.04.21"]
[Round "3.7"]
[White "Vasic, Vladimir"]
[Black "Gajic, Nikola M"]
[Result "1-0"]
[WhiteElo "2173"]
[BlackElo "2008"]
[PlyCount "71"]
[EventDate "2016.04.20"]

1. e4 e5 2. Nf3 Nc6 3. Bb5 a6 4. Ba4 Nf6 5. O-O Be7 6. Re1 b5 7. Bb3 d6 8. h3
Bb7 9. c3 O-O 10. d4 exd4 11. cxd4 h6 12. Nc3 Na5 13. Bc2 b4 14. Nb1 Re8 15.
Nbd2 Bc6 16. Nf1 Bb5 17. Ng3 Nd7 18. b3 Bf6 19. Be3 c5 20. Qd2 Nc6 21. Rad1 c4
22. bxc4 Bxc4 23. Ba4 Bb5 24. Bb3 a5 25. Nf5 Nb6 26. Bf4 Nc8 27. Bxh6 g6 28.
Ng3 Nb6 29. Bg5 a4 30. Qf4 Kg7 31. Nf5+ gxf5 32. Bh6+ Kh8 33. Ng5 Ra7 34. Qxf5
Bxg5 35. Bxg5 Qd7 36. Bf6+ 1-0

[Event "KUP CENTRALNE SRBIJE"]
[Site "Kragujevac"]
[Date "2016.04.21"]
[Round "3.7"]
[White "Matovic, Milovan"]
[Black "Dimitrijevic, Milorad"]
[Result "0-1"]
[WhiteElo "1934"]
[BlackElo "2113"]
[PlyCount "90"]
[EventDate "2016.04.20"]

1. e4 e5 2. Bc4 Nc6 3. c3 Nf6 4. d3 Be7 5. Nf3 O-O 6. b4 a6 7. a4 d5 8. exd5
Nxd5 9. h3 Bf6 10. Bb2 Nb6 11. Bb3 e4 12. dxe4 Nxb4 13. cxb4 Bxb2 14. Ra2 Qf6
15. Qc2 Be5 16. a5 Nd7 17. Nbd2 Bd6 18. Rb2 Qe7 19. Ba4 Bxb4 20. O-O Bxa5 21.
Nc4 Bb6 22. Bxd7 Bxd7 23. Nxb6 cxb6 24. Rxb6 Rac8 25. Qb1 Bb5 26. Rc1 Rxc1+ 27.
Qxc1 Qxe4 28. Rd6 h6 29. Rd4 Qe6 30. Rg4 Re8 31. Qc3 g6 32. Rh4 g5 33. Rb4 Bc6
34. Rb6 Qe4 35. Rb4 Qe7 36. Rb6 Rd8 37. Qb3 Qe2 38. Rxc6 bxc6 39. Qb6 Rd1+ 40.
Kh2 Qb5 41. Qc7 Qd5 42. Qc8+ Kh7 43. Qxa6 Qd6+ 44. g3 Qd5 45. Kg2 Rd3 0-1